| 000 | 00609nam a2200205 u 4500 | ||
|---|---|---|---|
| 005 | 20240806063821.0 | ||
| 008 | 100526s2008 r 000 0 eng d | ||
| 020 | _a9788496566941 | ||
| 035 | _aUPN01000176143 | ||
| 049 | _aI | ||
| 050 | 4 |
_aPZ78 _bO4.2 |
|
| 100 | 1 |
_aOlalla Linares, Carlos _932286 |
|
| 245 | 1 | 3 |
_aEl astrónomo y la silla diabólica / _cCarlos Olalla Linares ; il. Mauro Vargas. |
| 260 |
_aMadrid : _bNivola, _c2008. |
||
| 300 |
_a171 p. : _bil. |
||
| 440 | 0 |
_aMarco Nero ; _v19 |
|
| 650 | 4 |
_aLiteratura juvenil _95153 |
|
| 650 | 4 |
_aMIEDO - _vLITERATURA JUVENIL _912490 |
|
| 905 | _aInfantil | ||
| 999 |
_c148246 _d148246 |
||